MARC

LEADER 00000nam0a2200000 4500
001 234523
005 20231101231329.0
010 |a 9783195116954 
035 |a (RuTPU)RU\TPU\book\255647 
035 |a RU\TPU\book\255569 
090 |a 234523 
100 |a 20130326d2008 m y0gery50 ba 
101 0 |a ger 
102 |a DE 
105 |a a j 000zy 
200 1 |a Em neu. Hauptkurs. Deutsch als Fremdsprache. Niveaustufe B2  |e Arbeitsbuch  |f M. Perlmann-Balme, S. Schwalb 
210 |a Munchen  |c Hueber Verlag  |d 2008 
215 |a 152 s.  |c il.  |e CD-ROM 
606 1 |a Немецкий язык  |x Учебные руководства и пособия для вузов  |2 stltpush  |3 (RuTPU)RU\TPU\subj\45394  |9 64636 
610 1 |a лексика 
610 1 |a грамматика 
610 1 |a разговорная речь 
610 1 |a упражнения 
610 1 |a аутентичные материалы 
686 |a Ш143.24-923  |v LBC/SL-A  |2 rubbk 
700 1 |a Perlmann-Balme  |b M.  |g Michaela 
701 1 |a Schwalb  |b S.  |g Susanne 
801 1 |a RU  |b 63413507  |c 20080709  |g PSBO 
801 2 |a RU  |b 63413507  |c 20170606  |g PSBO 
942 |c BK